000 00349nam a2200145Ia 4500
100 _aRamamoorty/ M.
650 _aElectrical Engineering
942 _cBK
654 _aThyristors
245 _aThyristors and their applications
260 _bAlliliated East west press
_aNew Delhi
_c1977
082 _a621.38
300 _a312
546 _aENGLISH
999 _c23279
_d23279